Normal view MARC view
  • RICS Education and Training Department

Entry Corporate Name

Number of records used in: 2

001 - CONTROL NUMBER

  • control field: 5613

003 - CONTROL NUMBER IDENTIFIER

  • control field: SIRSI

005 - DATE AND TIME OF LATEST TRANSACTION

  • control field: 20190806150244.0

008 - FIXED-LENGTH DATA ELEMENTS

  • fixed length control field: 080910n| acannaabn |n ana d

040 ## - CATALOGING SOURCE

  • Original cataloging agency: OSt
  • Transcribing agency: OSt

110 2# - HEADING--CORPORATE NAME

  • Corporate name or jurisdiction name as entry element: RICS Education and Training Department

670 ## - SOURCE DATA FOUND

  • Source citation: Policy and guidance on university partnerships, 2005